| 000 | 00520nam a22001937a 4500 | ||
|---|---|---|---|
| 003 | OSt | ||
| 005 | 20140310181826.0 | ||
| 008 | 130706t xxu||||| |||| 00| 0 eng d | ||
| 020 | _a2894296339 | ||
| 050 |
_aAG 2 _b.Z31 1995 |
||
| 082 |
_aREF 030 _b B48 1995 |
||
| 245 |
_aThe big book of facts : _b Encyclopedia for young readers _cGiuseppe Zanini |
||
| 260 |
_aMontreal, Canada : _bTarmont Publications Inc, _c 1995 |
||
| 300 | _a383 p. | ||
| 521 | _a | ||
| 541 | _j1 | ||
| 562 | _e1 | ||
| 942 |
_2lcc _cBK-GR _kREF |
||
| 999 |
_c4381 _d4381 |
||